[Event "San Cristobal op 3rd"]
[Site "San Cristobal"]
[Date "2016.11.13"]
[Round "7.19"]
[White "Gamarra Rios, Emerson Javier"]
[Black "Moronta Rivero, Eliezer Manuel"]
[Result "1-0"]
[WhiteElo "1761"]
[BlackElo "1864"]
[PlyCount "53"]
[EventDate "2016.11.10"]
[EventType "swiss"]
[EventRounds "7"]
[EventCountry "VEN"]
[SourceTitle "EXT 2022"]
[Source "ChessBase"]
[SourceDate "2021.10.06"]
[SourceVersion "1"]
[SourceVersionDate "2021.10.06"]
[SourceQuality "1"]

1. e4 c5 2. Nf3 d6 3. d4 cxd4 4. Nxd4 Nf6 5. Nc3 a6 6. Be3 e5 7. Nb3 Be6 8. Bd3 Nbd7 9. 0-0 b5 10. h3 Rc8 11. Ne2 Be7 12. Qd2 0-0 13. f4 exf4 14. Nxf4 Ne5 15. Nd4 Qd7 16. a4 Nc4 17. Qe2 Nxb2 18. axb5 Nxd3 19. cxd3 axb5 20. Ndxe6 fxe6 21. Ra7 Qe8 22. Nxe6 Rf7 23. Qa2 Kh8 24. Ng5 Kg8 25. Qe6 Kf8 26. Nxf7 Rb8 27. Ng5 1-0

[Event "San Cristobal op 3rd"]
[Site "San Cristobal"]
[Date "2016.11.12"]
[Round "5"]
[White "Moronta Rivero, Eliezer Manuel"]
[Black "Payares Leon, Daniel Alfonso"]
[Result "0-1"]
[WhiteElo "1864"]
[BlackElo "2010"]
[PlyCount "50"]
[EventDate "2016.11.10"]
[EventType "swiss"]
[EventRounds "7"]
[EventCountry "VEN"]
[SourceTitle "EXT 2018"]
[Source "ChessBase"]
[SourceDate "2017.10.13"]
[SourceVersion "1"]
[SourceVersionDate "2017.10.13"]
[SourceQuality "1"]

1. e4 c5 2. Nf3 d6 3. b3 e5 4. Bc4 h6 5. Bb2 Nc6 6. h3 Nf6 7. Qe2 a6 8. a4 Be7 9. d3 Rb8 10. Nc3 0-0 11. 0-0-0 Nd4 12. Qd2 b5 13. axb5 axb5 14. Nxd4 cxd4 15. Nxb5 Nxe4 16. Qe2 Nc5 17. Rde1 Qa5 18. Na3 Bg5+ 19. Kd1 e4 20. dxe4 Nxe4 21. f4 Bxf4 22. Rhf1 Bg5 23. Rf3 Bb7 24. Bxf7+ Rxf7 25. Nc4 Qa2 0-1